Zombs Royale Quiz (hrsuvakas) - Statistics

General Stats
  • This quiz has been taken 98 times
  • The average score is 3 of 9
Answer Stats
Question Answer % Correct
How many guns/heals can you hold (Not including melee) 5
83%
What skin isn't in Zombs Royale Reflex
83%
What skin is in Zombs Royale Pilot
33%
What is the newest gun in ZombsRoyale.io XM8
33%
What skin is the last skin in the alphabetical order Zombs Veteran
33%
How many max skins are at May 3rd 2019 1,003
17%
What season was halloween themed 3
17%
What was Season 7 themed? Sea theme
17%
How many new named locations came in Season 8 1
0%
No matching quizzes found
Score Distribution
Percent of People with Each Score
Percentile by Number Answered
Your Score History
You have not taken this quiz